| 000 | 00345nam a2200121Ia 4500 | ||
|---|---|---|---|
| 008 | 250110s9999 xx 000 0 und d | ||
| 041 | _aeng | ||
| 100 |
_aRanade Sukanya _9182591 |
||
| 245 | _aWaterfront Development Recreation Centre Pune | ||
| 260 |
_bFinal Year B. Arch, BNCA _c2014 |
||
| 300 | _a96p | ||
| 700 |
_aGuide Name:Pawar Abhay _9210266 |
||
| 999 |
_c363458 _d363458 |
||